Nationalism

Αποθηκεύτηκε σε:
Λεπτομέρειες βιβλιογραφικής εγγραφής
Κύριος συγγραφέας: Kedourie, Elie
Μορφή: Βιβλίο
Γλώσσα:English
Δημοσίευση: Oxford : Blackwell, 1993.
Έκδοση:4th ed., expanded.
Θέματα:
Ετικέτες: Προσθήκη ετικέτας
Δεν υπάρχουν, Καταχωρήστε ετικέτα πρώτοι!

MARC

LEADER 00000cam a2200000 i 4500
001 1/82085
008 950201s1993 enk| ||| |||| ||eng||
020 |a 0631188851 
020 |a 0631188843 
035 |a 1997  |b 3  |c Αγορά/Χιωτάκης  |l 10033854 
040 |a GR-MyUa  |b gre  |e AACR2 
041 0 |a eng 
082 7 |a 320.54   |2 (22) 
100 1 |a Kedourie, Elie. 
245 1 0 |a Nationalism /   |c Elie Kedourie. 
250 |a 4th ed., expanded. 
260 |a Oxford :   |b Blackwell,   |c 1993. 
300 |a 154 σ. ;   |c 24 εκ.  
504 |a Περιλαμβάνει βιβλιογραφικές παραπομπές και ευρετήριο. 
650 0 |a Nationalism. 
767 0 8 |i Μεταφρασμένο ως:   |t Ο εθνικισμός /  
852 |a INST  |b LESVOS  |e 19950201  |h 320.54 KED  |p 005100003089  |q 005100003089  |t BK  |y 0 
852 |a INST  |b RHODES  |e 19980218  |h 320.54 KED  |p 005400011203  |q 005400011203  |t BK  |y 0 
901 |a BIBL-1998-1